सव्मूत्र चिकित्सा / (Record no. 113684)
[ view plain ]
| 000 -LEADER | |
|---|---|
| fixed length control field | 01066nam a22002537a 4500 |
| 005 - DATE AND TIME OF LATEST TRANSACTION | |
| control field | 20170124102957.0 |
| 010 ## - LIBRARY OF CONGRESS CONTROL NUMBER | |
| LC control number | A-927656 |
| 020 ## - INTERNATIONAL STANDARD BOOK NUMBER | |
| Terms of availability | 20.00 |
| 035 ## - SYSTEM CONTROL NUMBER | |
| System control number | A-927656 |
| 037 ## - SOURCE OF ACQUISITION | |
| Source of stock number/acquisition | Cen Lib/Ret |
| 040 ## - CATALOGING SOURCE | |
| Original cataloging agency | DPL |
| Language of cataloging | HN |
| 082 ## - DEWEY DECIMAL CLASSIFICATION NUMBER | |
| Classification number | 615.89 |
| Item number | शर्माए |
| 100 ## - MAIN ENTRY--PERSONAL NAME | |
| Personal name | शर्मा, एस. के. |
| 9 (RLIN) | 53419 |
| 245 ## - TITLE STATEMENT | |
| Title | सव्मूत्र चिकित्सा / |
| Statement of responsibility, etc | एस. के.शर्मा |
| 246 ## - VARYING FORM OF TITLE | |
| Title proper/short title | Sarvmootra chikitsa / |
| Remainder of title | by S. K. Sharma |
| 260 ## - PUBLICATION, DISTRIBUTION, ETC. (IMPRINT) | |
| Place of publication, distribution, etc | नई दिल्ली |
| Name of publisher, distributor, etc | डायमंड पॉकेट बुक्स |
| Date of publication, distribution, etc | 1998 |
| 270 ## - ADDRESS | |
| Address | X-30, ओखला इंडस्ट्रियल एरिया, फेज-2 |
| City | नई दिल्ली |
| Postal code | 110020 |
| 300 ## - PHYSICAL DESCRIPTION | |
| Extent | 96पृ. |
| Dimensions | 20सेमी (सजिल्द) |
| 650 ## - SUBJECT ADDED ENTRY--TOPICAL TERM | |
| Topical term or geographic name as entry element | प्राकृतिक चिकित्सा |
| 9 (RLIN) | 717 |
| 650 ## - SUBJECT ADDED ENTRY--TOPICAL TERM | |
| Topical term or geographic name as entry element | पारंपरिक चिकित्सा |
| 9 (RLIN) | 1199 |
| 650 ## - SUBJECT ADDED ENTRY--TOPICAL TERM | |
| Topical term or geographic name as entry element | Naturopathy |
| 9 (RLIN) | 53420 |
| 650 ## - SUBJECT ADDED ENTRY--TOPICAL TERM | |
| Topical term or geographic name as entry element | Traditional Medicine |
| 9 (RLIN) | 53421 |
| 942 ## - ADDED ENTRY ELEMENTS (KOHA) | |
| Source of classification or shelving scheme | Dewey Decimal Classification |
| Koha item type | Hindi Books |
| Classification part | 615.89 |
| Call number suffix | शर्माए |
| Withdrawn status | Lost status | Damaged status | Not for loan | Home library | Current library | Date acquired | Source of acquisition | Cost, normal purchase price | Total Checkouts | Full call number | Barcode | Date last seen | Date checked out | Copy number | Cost, replacement price | Price effective from | Koha item type |
|---|---|---|---|---|---|---|---|---|---|---|---|---|---|---|---|---|---|
| Central Library | Central Library | 13/08/2015 | Cen Lib/Ret | 20.00 | 3 | 615.89 शर्माए | A-927656 | 12/08/2022 | 21/07/2022 | 1 | 20.00 | 13/08/2015 | Hindi Books |
